[Bankovníctvo]
Recenzia vedeckej monografie, ktorá rozoberá problematiku bankovníctva nielen na Slovensku, ale aj v prostredí európskeho trhu.
Salvato in:
| Autore principale: | |
|---|---|
| Natura: | Capitolo di libro |
| Lingua: | slovacco |
| Soggetti: | |
| Tags: |
Nessun Tag, puoi essere il primo ad aggiungerne!!
|
MARC
| LEADER | 00000naa$a2200000$$$4500 | ||
|---|---|---|---|
| 001 | 0112766 | ||
| 005 | 20240502072243.8 | ||
| 041 | 0 | |a slo | |
| 044 | |a SK | ||
| 245 | 1 | 0 | |a [Bankovníctvo] |c Ctibor Pilch |
| 520 | |a Recenzia vedeckej monografie, ktorá rozoberá problematiku bankovníctva nielen na Slovensku, ale aj v prostredí európskeho trhu. | ||
| 610 | 2 | 0 | |a recenzie |
| 610 | 2 | 0 | |a bankovníctvo |
| 610 | 2 | 0 | |a dohľad bankový |
| 610 | 2 | 0 | |a banky centrálne |
| 610 | 2 | 0 | |a banky obchodné |
| 610 | 2 | 0 | |a úrok |
| 610 | 2 | 0 | |a styk platobný |
| 100 | 1 | |a Pilch, Ctibor, 1957- | |